Artesanos, obreros y nación en Centroamérica en el período liberal (1870-1930) /

Guardado en:
Bibliografiske detaljer
Hovedforfatter: Acuña Ortega, Victor Hugo
Format: Texto
Tags: Tilføj Tag
Ingen Tags, Vær først til at tagge denne postø!

MARC

LEADER 00000 a a2200000 04500
001 46232
003
040
090 |a REV1052 (2) 1992-1993  
100 |a Acuña Ortega, Victor Hugo  
245 |a Artesanos, obreros y nación en Centroamérica en el período liberal (1870-1930) /  |c Victor Hugo Acuña Ortega  
773 |g número2 (1992-1993), Páginas 40-51.  
999 |c 29880  |d 29880